Loading...
| Current Events | 2 | 15.00 | 100% | 50% | 0% |
| Fine Arts - Classical Music | 7 | 18.57 | 100% | 71% | 14% |
| Fine Arts - Other Fine Arts | 4 | 15.00 | 75% | 75% | 0% |
| Geography | 3 | 20.00 | 100% | 67% | 33% |
| History - American History | 4 | 17.50 | 100% | 50% | 25% |
| History - European History | 4 | 22.50 | 100% | 50% | 75% |
| History - Other History | 5 | 24.00 | 100% | 100% | 40% |
| History - World History | 6 | 26.67 | 100% | 83% | 83% |
| Literature - American Literature | 2 | 15.00 | 100% | 50% | 0% |
| Literature - British Literature | 1 | 0.00 | 0% | 0% | 0% |
| Literature - European Literature | 3 | 13.33 | 67% | 67% | 0% |
| Literature - World Literature | 4 | 10.00 | 75% | 25% | 0% |
| Mythology | 3 | 13.33 | 67% | 67% | 0% |
| Painting/Sculpture | 4 | 20.00 | 75% | 75% | 50% |
| Philosophy | 4 | 17.50 | 100% | 75% | 0% |
| Pop Culture | 3 | 10.00 | 67% | 33% | 0% |
| Religion | 4 | 22.50 | 100% | 75% | 50% |
| Science - Biology | 4 | 20.00 | 100% | 75% | 25% |
| Science - Chemistry | 7 | 15.71 | 71% | 71% | 14% |
| Science - Other Science | 2 | 25.00 | 100% | 100% | 50% |
| Science - Physics | 5 | 12.00 | 100% | 20% | 0% |
| Social Science | 2 | 15.00 | 100% | 50% | 0% |